Secularizing Islamist?: (Record no. 189073)

MARC details
000 -LEADER
fixed length control field 00611nam a2200181 4500
005 - DATE AND TIME OF LATEST TRANSACTION
control field 20220613110513.0
010 ## - LCCN (DPL NO)
LC control number ENG-133240
020 ## - INTERNATIONAL STANDARD BOOK NUMBER
International Standard Book Number 9788178243320
Terms of availability 595.00
035 ## - SYSTEM CONTROL NUMBER
System control number EN-116772
037 ## - SOURCE OF ACQUISITION
Source of stock number/acquisition DBAD/PUB
082 ## - DEWEY DECIMAL CLASSIFICATION NUMBER
Classification number 320.557095491
100 ## - MAIN ENTRY--PERSONAL NAME
Personal name Iqtidar, Humeira
245 ## - TITLE STATEMENT
Title Secularizing Islamist?:
Remainder of title Jama'at-e-Islami and Jama'at-ud-da 'wa in Urban Pakistan/
Statement of responsibility, etc Humeira Iqtidar
260 ## - PUBLICATION, DISTRIBUTION, ETC. (IMPRINT)
Place of publication, distribution, etc Ranikhet
Name of publisher, distributor, etc Permanent Black
Date of publication, distribution, etc 2011
270 ## - ADDRESS
Address Himalayan, Mall Road
City Ranikhet
Postal code 263645
Electronic mail address <perblack@gmail.com>
300 ## - PHYSICAL DESCRIPTION
Extent 216p.
Other physical details Index
Dimensions 22cm(hbk)
942 ## - ADDED ENTRY ELEMENTS (KOHA)
Source of classification or shelving scheme Dewey Decimal Classification
Item type English Books
Classification part 320.557095491
Call number suffix IQT
Holdings
Withdrawn status Lost status Not for loan Collection code Home library Current library Date acquired Source of acquisition Cost, normal purchase price Full call number Barcode Copy number Cost, replacement price Koha item type
      Non-fiction Ashok Vihar Ashok Vihar 13/06/2022 DBAD/PUB 595.00 320.557095491 IQT EN-116772 1 595.00 English Books

© Delhi Public Library
Hit Counter
free hit counter